00851nam a2200229 i 4500001000700000003000900007005001700016007000300033008004100036080001700077100002900094245008600123260003400209300006400243490003000307651003300337700005500370830003500425852002100460999001900481952012100500124497ES-MaACL20250813062620.0t|070328s1929 sp ||||1| spa d a91(494)(022)1 aWalser, Hermann.911598510aGeografía de Suiza / cHermann Walser ; traducción por J. Gómez de LLarena. aBarcelona : bLabor, c[1929] a203 p., XVII p. de lám. y 2 mapas col. : bil. ; c17 cm.1 aColección Labor ; v213 4aSuiza-xGeografía.91455731 aGómez de Llarena, Joaquín (d1891-1979)95791100aColección Laborv2139184254 aES-MaACLjE-2725 c124497d124497 00104070aATENEOMbATENEOMcDEPO2d2008-01-17eSCl0oE-2725p1129711r2023-02-23 00:00:00w2023-02-23yMONOGRAFIA